| 000 | 00496nam a22001697a 4500 | ||
|---|---|---|---|
| 005 | 20221220101944.0 | ||
| 008 | 221220b |||||||| |||| 00| 0 eng d | ||
| 020 | _a978-818473-3969 | ||
| 041 | _aeng | ||
| 082 | _a615.19-BEA -W | ||
| 100 |
_aBEAIE , Jr. JHON M AND BLOCK JHON H. _97411 |
||
| 245 | _aWILSON AND GISVOID'S TEXT BOOK OF ORGANIC MEDICINAL AND PHARMACEUTICAL CHEMISTRY | ||
| 250 | _a11th ed. | ||
| 260 |
_aNEW DELHI _bWOLTERS KLUWER _c2004 |
||
| 300 | _a1010 ;P. | ||
| 942 | _cBK | ||
| 999 |
_c8140 _d8138 |
||